[Event "81.Camp. Veneto Quarti di Finale"]
[Site "Verona ITA"]
[Date "2022.05.07"]
[Round "2.16"]
[White "Giroldi, Gilberto"]
[Black "Passon, Stefano"]
[Result "0-1"]
[WhiteElo "1398"]
[BlackElo "1698"]
[Annotator "Gabriele Ballarin"]
[PlyCount "66"]
[EventDate "2022.05.06"]
[EventType "swiss"]
[EventRounds "5"]
[EventCountry "ITA"]

1. e4 e5 2. Nf3 Nc6 3. d4 exd4 4. Nxd4 Nf6 5. Nc3 Bc5 6. Be3 Bb6 7. Bc4 d6 8. O-O O-O 9. Bg5 Bxd4 10. Nd5 Be6 11. c3 Bb6 12. Kh1 Ne5 13. Bb3 Bxd5 14. exd5 h6 15. Bh4 Ng6 16. Bg3 Ne4 17. c4 Nxg3+ 18. fxg3 Qg5 19. Qd3 Ne5 20. Qe4 Rae8 21. h4 Qxg3 22. Bc2 Ng6 23. Qf3 Qxh4+ 24. Qh3 Qxh3+ 25. gxh3 Re2 26. Bd3 Rxb2 27. Rf3 Ne5 28. Rg3 Nxd3 29. Rxd3 f5 30. a4 a5 31. Re1 f4 32. Re7 f3 33. h4 f2 0-1

[Event "81.Camp. Veneto Quarti di Finale"]
[Site "Verona ITA"]
[Date "2022.05.07"]
[Round "2.17"]
[White "Gneo, Marco"]
[Black "Prealta, Fiorenzo"]
[Result "1-0"]
[WhiteElo "1687"]
[BlackElo "1092"]
[Annotator "Gabriele Ballarin"]
[PlyCount "101"]
[EventDate "2022.05.06"]
[EventType "swiss"]
[EventRounds "5"]
[EventCountry "ITA"]

1. d4 d5 2. c4 e6 3. Nc3 c6 4. Nf3 Nd7 5. Bf4 Ngf6 6. e3 Nh5 7. Bg5 Be7 8. Bxe7 Qxe7 9. Be2 Nhf6 10. O-O O-O 11. Rc1 Re8 12. Qb3 Nf8 13. Rfe1 Ng6 14. e4 dxe4 15. Nd2 Nf4 16. Ndxe4 Nxe2+ 17. Rxe2 Nxe4 18. Rxe4 b6 19. Rce1 Bb7 20. Re5 Qd7 21. Rd1 Qc7 22. c5 b5 23. Qc2 Rad8 24. Rh5 f5 25. Rh4 Qe7 26. Rh3 Qf6 27. Rhd3 a5 28. f4 Ba6 29. Qf2 b4 30. Na4 Bxd3 31. Rxd3 Qf7 32. Nb6 Qc7 33. Nc4 Rd5 34. Nb6 Rdd8 35. Nc4 Rf8 36. b3 Rf6 37. Qe3 Rg6 38. g3 h5 39. h4 Qe7 40. Kh2 Qc7 41. Ne5 Rf6 42. Qf3 g6 43. Nxc6 Rd5 44. Ne5 Kh7 45. Nc4 Rf7 46. Qe3 Re7 47. Rd2 Rd8 48. Nb6 Qc6 49. d5 Qe8 50. d6 Red7 51. Nxd7 1-0

[Event "81.Camp. Veneto Quarti di Finale"]
[Site "Verona ITA"]
[Date "2022.05.07"]
[Round "2.18"]
[White "Peretti, Eva"]
[Black "Negro, Raffaele"]
[Result "0-1"]
[WhiteElo "1214"]
[BlackElo "1655"]
[Annotator "Gabriele Ballarin"]
[PlyCount "68"]
[EventDate "2022.05.06"]
[EventType "swiss"]
[EventRounds "5"]
[EventCountry "ITA"]

1. e4 b6 2. d4 Bb7 3. Nc3 e6 4. Bd3 Nf6 5. Nf3 Bb4 6. Bg5 h6 7. Bh4 g5 8. Nxg5 hxg5 9. Bxg5 Be7 10. Qe2 Nh5 11. h4 Nc6 12. Qe3 Nb4 13. f3 Nxd3+ 14. cxd3 Ng3 15. Rh3 Bxg5 16. hxg5 Rxh3 17. gxh3 Qe7 18. Qf4 Nh5 19. Qh4 Ng7 20. Qh6 Qf8 21. Ke2 O-O-O 22. Rh1 Qh8 23. Qf6 Nh5 24. Qxh8 Rxh8 25. Kf2 Nf4 26. Ke3 Rxh3 27. Rxh3 Nxh3 28. f4 d6 29. e5 Kd7 30. Ne4 Bxe4 31. dxe4 dxe5 32. dxe5 c5 33. Kf3 c4 34. Kg3 b5 0-1

[Event "81.Camp. Veneto Quarti di Finale"]
[Site "Verona ITA"]
[Date "2022.05.07"]
[Round "2.19"]
[White "Tomio, Dante"]
[Black "Coghi, Simone"]
[Result "1-0"]
[WhiteElo "1650"]
[BlackElo "999"]
[Annotator "Gabriele Ballarin"]
[PlyCount "33"]
[EventDate "2022.05.06"]
[EventType "swiss"]
[EventRounds "5"]
[EventCountry "ITA"]

1. d4 Nf6 2. c4 e6 3. Nf3 d5 4. g3 Be7 5. Bg2 Nbd7 6. O-O O-O 7. cxd5 exd5 8. Nc3 b6 9. Bf4 Ba6 10. Re1 Re8 11. Rc1 c6 12. e4 dxe4 13. Nxe4 Bb4 14. Nxf6+ Qxf6 15. Rxe8+ Rxe8 16. Qa4 Ba5 17. b4 1-0

[Event "81.Camp. Veneto Quarti di Finale"]
[Site "Verona ITA"]
[Date "2022.05.07"]
[Round "2.20"]
[White "Torraca, Luca"]
[Black "Gurzoni, Francesco"]
[Result "0-1"]
[WhiteElo "1047"]
[BlackElo "1540"]
[Annotator "Gabriele Ballarin"]
[PlyCount "40"]
[EventDate "2022.05.06"]
[EventType "swiss"]
[EventRounds "5"]
[EventCountry "ITA"]

1. g3 d5 2. Bg2 c5 3. b3 Nf6 4. Bb2 e6 5. e3 Nc6 6. a3 b6 7. d3 Bb7 8. Nd2 Be7 9. Ne2 O-O 10. Nf4 Rc8 11. g4 e5 12. Nh5 d4 13. Bxc6 Bxc6 14. e4 Nxh5 15. gxh5 Bh4 16. Qg4 Qf6 17. Nf3 Bd7 18. Nxh4 Bxg4 19. Ng2 Qf3 20. O-O Bh3 0-1

[Event "81.Camp. Veneto Quarti di Finale"]
[Site "Verona ITA"]
[Date "2022.05.07"]
[Round "2.21"]
[White "Pollesel, Francesco"]
[Black "Amadardo, Matteo"]
[Result "0-1"]
[WhiteElo "999"]
[BlackElo "1504"]
[Annotator "Gabriele Ballarin"]
[PlyCount "68"]
[EventDate "2022.05.06"]
[EventType "swiss"]
[EventRounds "5"]
[EventCountry "ITA"]

1. e4 c5 2. Nc3 g6 3. f4 e6 4. Nf3 Ne7 5. Bc4 Bg7 6. O-O O-O 7. a3 d5 8. Ba2 dxe4 9. Ne5 Nbc6 10. Nxc6 Nxc6 11. Qe1 b6 12. Qxe4 Qd4+ 13. Qxd4 Nxd4 14. Bb1 Bb7 15. b4 Ne2+ 16. Kh1 Nxc3 17. Bb2 Nxb1 18. Bxg7 Kxg7 19. Raxb1 cxb4 20. Rxb4 Rac8 21. c3 Rfd8 22. Rd1 Rd3 23. Rd4 Rxd4 24. cxd4 Rd8 25. Kg1 Rxd4 26. g3 Rd3 27. Kf2 Rxa3 28. Rc1 Bd5 29. Rc3 Rxc3 30. dxc3 a5 31. Ke2 b5 32. Kd2 b4 33. cxb4 axb4 34. Kc2 Kf6 0-1

[Event "81.Camp. Veneto Quarti di Finale"]
[Site "Verona ITA"]
[Date "2022.05.07"]
[Round "3.1"]
[White "Boraso, Alessio"]
[Black "Barp, Alberto"]
[Result "0-1"]
[WhiteElo "2287"]
[BlackElo "2384"]
[Annotator "Gabriele Ballarin"]
[PlyCount "48"]
[EventDate "2022.05.06"]
[EventType "swiss"]
[EventRounds "5"]
[EventCountry "ITA"]

1. e4 e5 2. Nc3 Nf6 3. d4 exd4 4. Qxd4 Nc6 5. Qd3 Bc5 6. Bf4 d6 7. Qd2 Be6 8. O-O-O Bb4 9. f3 Bxa2 10. g4 Be6 11. g5 Nd7 12. Bb5 O-O 13. h4 Nde5 14. h5 a6 15. Bf1 a5 16. g6 a4 17. h6 fxg6 18. hxg7 Rf7 19. Bg5 Qd7 20. f4 Nc4 21. Qh2 h5 22. Nd5 Bxd5 23. exd5 N6a5 24. c3 a3 0-1

[Event "81.Camp. Veneto Quarti di Finale"]
[Site "Verona ITA"]
[Date "2022.05.07"]
[Round "3.2"]
[White "Kosarev, Andrei M."]
[Black "Casadio, Niccolò"]
[Result "0-1"]
[WhiteElo "2306"]
[BlackElo "2127"]
[Annotator "Gabriele Ballarin"]
[PlyCount "100"]
[EventDate "2022.05.06"]
[EventType "swiss"]
[EventRounds "5"]
[EventCountry "ITA"]

1. e4 e6 2. d4 d5 3. Nc3 Nf6 4. e5 Nfd7 5. Nce2 c5 6. c3 Nc6 7. Nf3 Qb6 8. a3 cxd4 9. cxd4 f6 10. exf6 Nxf6 11. g3 Bd6 12. Bg2 O-O 13. O-O Bd7 14. Qd3 Na5 15. b4 Nc4 16. Bf4 a5 17. Ne5 Bxe5 18. dxe5 Nh5 19. Be3 Qc7 20. f4 g6 21. Bf2 Ng7 22. Rfc1 Ra6 23. Nd4 b5 24. Nb3 axb4 25. axb4 Rfa8 26. Rxa6 Rxa6 27. Nc5 Ra2 28. Nb3 Qb8 29. g4 Qa8 30. Nc5 Bc6 31. Qc3 Kf7 32. Nb3 Rb2 33. Na5 Ra2 34. Ra1 d4 35. Bxc6 dxc3 36. Rxa2 Qd8 37. Nxc4 Qd1+ 38. Kg2 Qxg4+ 39. Bg3 bxc4 40. Ra7+ Kf8 41. Ra8+ Ke7 42. Ra7+ Kd8 43. Bf3 Qf5 44. Bh4+ Kc8 45. Be7 Qc2+ 46. Kh3 Qd3 47. Ra8+ Kd7 48. Ra7+ Ke8 49. Kg2 Qd2+ 50. Kh3 Qe3 0-1

[Event "81.Camp. Veneto Quarti di Finale"]
[Site "Verona ITA"]
[Date "2022.05.07"]
[Round "3.3"]
[White "Coratella, Giuseppe"]
[Black "Danieli, Enrico"]
[Result "1/2-1/2"]
[WhiteElo "2187"]
[BlackElo "1894"]
[Annotator "Gabriele Ballarin"]
[PlyCount "50"]
[EventDate "2022.05.06"]
[EventType "swiss"]
[EventRounds "5"]
[EventCountry "ITA"]

1. e4 e6 2. d4 d5 3. Nc3 dxe4 4. Nxe4 Bd7 5. Nf3 Bc6 6. Bd3 Nd7 7. Qe2 Ngf6 8. O-O Nxe4 9. Bxe4 Bxe4 10. Qxe4 c6 11. c4 Nf6 12. Qe2 Be7 13. Bf4 O-O 14. Rfd1 Qa5 15. Ne5 Rad8 16. a3 Qa6 17. Rd3 Nd7 18. Rh3 g6 19. Bh6 Rfe8 20. Re1 Nxe5 21. Qxe5 Bf8 22. Bxf8 Rxf8 23. b3 Qxa3 24. Qf6 Qa5 25. Kf1 Qf5 1/2-1/2

[Event "81.Camp. Veneto Quarti di Finale"]
[Site "Verona ITA"]
[Date "2022.05.07"]
[Round "3.4"]
[White "Tommasi, Matteo"]
[Black "Zanchetta, Nicola"]
[Result "0-1"]
[WhiteElo "999"]
[BlackElo "2142"]
[Annotator "Gabriele Ballarin"]
[PlyCount "70"]
[EventDate "2022.05.06"]
[EventType "swiss"]
[EventRounds "5"]
[EventCountry "ITA"]

1. a3 g6 2. d4 f5 3. c4 Bg7 4. Nc3 Nf6 5. Bg5 O-O 6. Bxf6 Bxf6 7. e4 d6 8. Nf3 c6 9. Be2 e5 10. dxe5 dxe5 11. Qxd8 Rxd8 12. O-O Be6 13. Rfd1 Na6 14. b4 Kf8 15. Kf1 Ke7 16. Ke1 Rxd1+ 17. Kxd1 Rd8+ 18. Kc2 Nc7 19. Rd1 Rxd1 20. Kxd1 f4 21. Nd2 h5 22. c5 b5 23. cxb6 axb6 24. a4 Kd7 25. Nc4 Bxc4 26. Bxc4 Be7 27. b5 Bb4 28. Kc2 Bxc3 29. Kxc3 g5 30. bxc6+ Kxc6 31. h4 gxh4 32. Be2 Kc5 33. Bxh5 Ne6 34. Bg6 Ng5 35. Bf5 f3 0-1

[Event "81.Camp. Veneto Quarti di Finale"]
[Site "Verona ITA"]
[Date "2022.05.07"]
[Round "3.5"]
[White "Zenari, Marco"]
[Black "Boraso, Francesco"]
[Result "1/2-1/2"]
[WhiteElo "2128"]
[BlackElo "1905"]
[Annotator "Gabriele Ballarin"]
[PlyCount "43"]
[EventDate "2022.05.06"]
[EventType "swiss"]
[EventRounds "5"]
[EventCountry "ITA"]

1. e4 c5 2. Nf3 Nc6 3. d4 cxd4 4. Nxd4 e5 5. Nb5 d6 6. N1c3 a6 7. Na3 Be7 8. Be3 Nf6 9. Nc4 b5 10. Nb6 Rb8 11. Nxc8 Qxc8 12. Bd3 O-O 13. O-O b4 14. Ne2 Rd8 15. f3 d5 16. exd5 Nxd5 17. Bf2 Bg5 18. Ng3 Ne3 19. Bxe3 Bxe3+ 20. Kh1 Nd4 21. Re1 Bf4 22. Nh5 1/2-1/2

[Event "81.Camp. Veneto Quarti di Finale"]
[Site "Verona ITA"]
[Date "2022.05.07"]
[Round "3.6"]
[White "Gennari, Jacopo"]
[Black "Righi, Francesco"]
[Result "1-0"]
[WhiteElo "2073"]
[BlackElo "1781"]
[Annotator "Gabriele Ballarin"]
[PlyCount "77"]
[EventDate "2022.05.06"]
[EventType "swiss"]
[EventRounds "5"]
[EventCountry "ITA"]

1. d4 Nf6 2. c4 g6 3. Nc3 Bg7 4. e4 d6 5. Nge2 Nc6 6. d5 Ne5 7. Ng3 c5 8. Be2 O-O 9. h4 h5 10. Bg5 a6 11. Qd2 Rb8 12. Bh6 Bd7 13. Bxg7 Kxg7 14. a4 Qa5 15. f4 Neg4 16. O-O Qb4 17. a5 b5 18. axb6 Rxb6 19. Rab1 a5 20. Bd3 Ba4 21. e5 dxe5 22. f5 e4 23. Ngxe4 Nxe4 24. Nxe4 Qxd2 25. Nxd2 Ne5 26. b3 Bd7 27. Bc2 Rc8 28. Rbe1 f6 29. fxg6 a4 30. Nf3 Nxg6 31. Bxg6 Kxg6 32. Rxe7 Rd8 33. bxa4 Rb4 34. Nd2 f5 35. a5 Ra4 36. Rfe1 Bc8 37. Rc7 Rxa5 38. Ree7 Rf8 39. Rc6+ 1-0

[Event "81.Camp. Veneto Quarti di Finale"]
[Site "Verona ITA"]
[Date "2022.05.07"]
[Round "3.7"]
[White "Vujicic, Luigi"]
[Black "Bevilacqua, Maurizio"]
[Result "1/2-1/2"]
[WhiteElo "1952"]
[BlackElo "2049"]
[Annotator "Gabriele Ballarin"]
[PlyCount "123"]
[EventDate "2022.05.06"]
[EventType "swiss"]
[EventRounds "5"]
[EventCountry "ITA"]

1. e4 c5 2. Nc3 Nc6 3. g3 g6 4. Bg2 Bg7 5. d3 d6 6. Be3 e5 7. Qd2 h6 8. Nd5 Nge7 9. c3 Nxd5 10. exd5 Ne7 11. Ne2 Nf5 12. O-O O-O 13. d4 cxd4 14. cxd4 Nxe3 15. fxe3 Qb6 16. dxe5 Bxe5 17. Nc3 Bd7 18. Kh1 Rae8 19. e4 Bg7 20. Rae1 f5 21. Bh3 Re5 22. Rf2 Rfe8 23. Qc2 R8e7 24. Rfe2 Bb5 25. Nxb5 Qxb5 26. Bg2 Qe8 27. b3 g5 28. Bf3 g4 29. Bg2 h5 30. Kg1 h4 31. Kf1 h3 32. Bh1 Rf7 33. Rf2 Qf8 34. Ree2 Ree7 35. exf5 Rc7 36. Qd3 Qc8 37. Rc2 Rxc2 38. Qxc2 Qxc2 39. Rxc2 Rxf5+ 40. Ke2 Bd4 41. Kd3 Bg1 42. Be4 Rf7 43. Re2 Kg7 44. Rc2 Kf6 45. Re2 Kg5 46. Rc2 Rf1 47. Re2 Bc5 48. Rd2 a5 49. Re2 Kf6 50. Bh7 Rd1+ 51. Rd2 Rxd2+ 52. Kxd2 Ke5 53. Bg8 Kf5 54. Be6+ Kg5 55. Ke2 Bd4 56. Bd7 Be5 57. Kf2 Bd4+ 58. Ke2 Be5 59. Kf2 Bd4+ 60. Ke2 Be5 61. Kf2 Bd4+ 62. Ke2 1/2-1/2

[Event "81.Camp. Veneto Quarti di Finale"]
[Site "Verona ITA"]
[Date "2022.05.07"]
[Round "3.8"]
[White "Vincenti, Leonardo"]
[Black "Simonetto, Andrea"]
[Result "0-1"]
[WhiteElo "1770"]
[BlackElo "2249"]
[Annotator "Gabriele Ballarin"]
[PlyCount "86"]
[EventDate "2022.05.06"]
[EventType "swiss"]
[EventRounds "5"]
[EventCountry "ITA"]

1. e4 c6 2. d4 d5 3. exd5 cxd5 4. Bd3 Nf6 5. c3 Bg4 6. Nf3 Nc6 7. Bf4 a6 8. O-O e6 9. Nbd2 Bd6 10. Bg3 O-O 11. Qc2 Bxg3 12. fxg3 Rc8 13. a3 Bh5 14. Rae1 Bg6 15. Bxg6 hxg6 16. Qd3 Qb6 17. b4 Rfe8 18. Kh1 Qc7 19. Re3 Ng4 20. Re2 Ne7 21. Rc1 Nf5 22. Nf1 Nd6 23. Ne3 Nxe3 24. Qxe3 Nc4 25. Qd3 Nxa3 26. Nd2 Nc4 27. Nxc4 Qxc4 28. Qc2 Re7 29. Kg1 Rec7 30. Qd2 Qb5 31. Qe3 Rxc3 32. Rxc3 Rxc3 33. Qxc3 Qxe2 34. Qc8+ Kh7 35. h3 Qe1+ 36. Kh2 Qxb4 37. Qe8 f6 38. Qxe6 Qxd4 39. Qd7 b5 40. Qb7 b4 41. Qxa6 b3 42. Qf1 Qc4 43. Qb1 Qc2 0-1

[Event "81.Camp. Veneto Quarti di Finale"]
[Site "Verona ITA"]
[Date "2022.05.07"]
[Round "3.9"]
[White "Negro, Raffaele"]
[Black "Bertani, Gianfranco"]
[Result "1-0"]
[WhiteElo "1655"]
[BlackElo "1946"]
[Annotator "Gabriele Ballarin"]
[PlyCount "79"]
[EventDate "2022.05.06"]
[EventType "swiss"]
[EventRounds "5"]
[EventCountry "ITA"]

1. d4 Nf6 2. Nf3 e6 3. e3 b6 4. Bd3 Bb7 5. O-O d5 6. Nbd2 Nbd7 7. c4 Ne4 8. Qc2 f5 9. cxd5 exd5 10. Ne5 Nxe5 11. dxe5 g6 12. Nxe4 fxe4 13. Bb5+ Kf7 14. Bc6 Bxc6 15. Qxc6 Be7 16. Rd1 Rf8 17. Rxd5 Qe8 18. e6+ Kg7 19. Rd7 Rd8 20. Bd2 Kh6 21. Qxc7 Rxd7 22. exd7 Qf7 23. Qf4+ Qxf4 24. exf4 Rd8 25. f5+ g5 26. Rd1 Kh5 27. Bc3 Rf8 28. h3 g4 29. Bg7 Rf7 30. f6 Bd8 31. Rd5+ Kg6 32. hxg4 a6 33. Kf1 b5 34. Ke2 h6 35. Ke3 b4 36. Kxe4 a5 37. Ke5 a4 38. Ke6 b3 39. axb3 axb3 40. f4 1-0

[Event "81.Camp. Veneto Quarti di Finale"]
[Site "Verona ITA"]
[Date "2022.05.07"]
[Round "3.10"]
[White "Faccia, Sergio"]
[Black "Gneo, Marco"]
[Result "1-0"]
[WhiteElo "1934"]
[BlackElo "1687"]
[Annotator "Gabriele Ballarin"]
[PlyCount "70"]
[EventDate "2022.05.06"]
[EventType "swiss"]
[EventRounds "5"]
[EventCountry "ITA"]

1. e4 e6 2. d4 d5 3. Nc3 Nf6 4. Bg5 Be7 5. e5 Nfd7 6. h4 a6 7. Qg4 f5 8. Qg3 c5 9. Be3 O-O 10. Nf3 Nc6 11. Bh6 Rf7 12. Nxd5 Nxd4 13. Nxe7+ Rxe7 14. Nxd4 cxd4 15. O-O-O Qa5 16. Kb1 Nxe5 17. Rxd4 Bd7 18. Be2 Nc6 19. Rd3 Qe5 20. Be3 Qxg3 21. fxg3 Ne5 22. Rd2 Bc6 23. Rg1 Rd7 24. Rxd7 Nxd7 25. g4 g6 26. gxf5 gxf5 27. g4 Kf7 28. gxf5 exf5 29. Bc4+ Kf6 30. Bg5+ Ke5 31. Rf1 Be4 32. Bf4+ Kf6 33. Rd1 Bc6 34. Rd6+ Ke7 35. Rh6 Nf8 1-0

[Event "81.Camp. Veneto Quarti di Finale"]
[Site "Verona ITA"]
[Date "2022.05.07"]
[Round "3.11"]
[White "Queiroz, Stella Becker"]
[Black "Tomio, Dante"]
[Result "1-0"]
[WhiteElo "1807"]
[BlackElo "1650"]
[Annotator "Gabriele Ballarin"]
[PlyCount "99"]
[EventDate "2022.05.06"]
[EventType "swiss"]
[EventRounds "5"]
[EventCountry "ITA"]

1. e4 c5 2. Nf3 e6 3. d4 cxd4 4. Nxd4 a6 5. c4 Qc7 6. a3 Nf6 7. Nc3 Nc6 8. Be2 Bc5 9. Nc2 h6 10. O-O O-O 11. b4 Ba7 12. Kh1 d6 13. f4 Bd7 14. Rf3 Ng4 15. Ne3 Nxe3 16. Bxe3 Bxe3 17. Rxe3 Rfd8 18. Rg3 Ne7 19. Qd4 e5 20. fxe5 dxe5 21. Qe3 Kh8 22. Rf1 Rf8 23. Rf6 Ng8 24. Nd5 Qb8 25. Rf1 Be6 26. Nb6 Ra7 27. Bg4 Bxg4 28. Rxg4 Qd8 29. c5 a5 30. Qg3 g6 31. Qxe5+ Kh7 32. Rgf4 f6 33. Qc3 axb4 34. axb4 Ra2 35. Nd5 Kg7 36. h3 Rf7 37. Rg4 Qd7 38. Rgf4 Qe6 39. Qd4 Ra3 40. R4f3 Rxf3 41. Rxf3 g5 42. Rg3 Qe5 43. Qxe5 fxe5 44. Ra3 Rf1+ 45. Kh2 Re1 46. Ra7 Rxe4 47. Rxb7+ Kg6 48. c6 Rc4 49. c7 Nf6 50. c8=Q 1-0

[Event "81.Camp. Veneto Quarti di Finale"]
[Site "Verona ITA"]
[Date "2022.05.07"]
[Round "3.12"]
[White "Gurzoni, Francesco"]
[Black "Conte, Edoardo"]
[Result "0-1"]
[WhiteElo "1540"]
[BlackElo "1754"]
[Annotator "Gabriele Ballarin"]
[PlyCount "60"]
[EventDate "2022.05.06"]
[EventType "swiss"]
[EventRounds "5"]
[EventCountry "ITA"]

1. e4 c5 2. d4 cxd4 3. c3 dxc3 4. Nxc3 d6 5. Nf3 Nf6 6. Bc4 e6 7. O-O Be7 8. Qe2 a6 9. Rd1 Qc7 10. Bf4 e5 11. Be3 O-O 12. Rac1 Nc6 13. a3 Bg4 14. Ba2 Rac8 15. h3 Bh5 16. g4 Bg6 17. Nd5 Qb8 18. Nxe7+ Nxe7 19. Bg5 Rxc1 20. Rxc1 Nc6 21. Bxf6 gxf6 22. h4 Qc8 23. Kh1 Qxg4 24. Rg1 Qh3+ 25. Nh2 Nd4 26. Qh5 Kh8 27. Qg4 Qxg4 28. Rxg4 h5 29. Rg3 Bxe4+ 30. Kg1 Ne2+ 0-1

[Event "81.Camp. Veneto Quarti di Finale"]
[Site "Verona ITA"]
[Date "2022.05.07"]
[Round "3.13"]
[White "Gennari, Leone"]
[Black "Gallo, Pietro"]
[Result "1/2-1/2"]
[WhiteElo "1754"]
[BlackElo "1537"]
[Annotator "Gabriele Ballarin"]
[PlyCount "75"]
[EventDate "2022.05.06"]
[EventType "swiss"]
[EventRounds "5"]
[EventCountry "ITA"]

1. d4 d5 2. c4 c6 3. Nc3 Nf6 4. Bf4 e6 5. e3 Bd6 6. Bg3 O-O 7. Nf3 Bxg3 8. hxg3 Nbd7 9. Bd3 Re8 10. Ne5 g6 11. g4 dxc4 12. Bxc4 Nxe5 13. dxe5 Qxd1+ 14. Nxd1 Nxg4 15. f4 h5 16. Ke2 b5 17. Bd3 b4 18. Rc1 a5 19. Be4 Ba6+ 20. Kf3 Red8 21. Rc2 Bd3 22. Bxd3 Rxd3 23. Re1 Rad8 24. Nf2 Nxf2 25. Kxf2 b3 26. axb3 Rxb3 27. Ree2 Rdb8 28. Ke1 R8b4 29. Kd1 Re4 30. Rc3 Rxc3 31. bxc3 Ra4 32. Kc1 Kf8 33. Kb2 Ke7 34. Kb3 Ra1 35. Kb2 Rd1 36. Kc2 Ra1 37. Kb2 Rd1 38. Kc2 1/2-1/2

[Event "81.Camp. Veneto Quarti di Finale"]
[Site "Verona ITA"]
[Date "2022.05.07"]
[Round "3.14"]
[White "Amadardo, Matteo"]
[Black "Serea, Gabriele"]
[Result "0-1"]
[WhiteElo "1504"]
[BlackElo "1722"]
[Annotator "Gabriele Ballarin"]
[PlyCount "136"]
[EventDate "2022.05.06"]
[EventType "swiss"]
[EventRounds "5"]
[EventCountry "ITA"]

1. c4 Nf6 2. Nc3 g6 3. g3 Bg7 4. Bg2 d6 5. e3 O-O 6. Nge2 Nbd7 7. O-O e5 8. b4 a5 9. b5 Nb6 10. c5 dxc5 11. Ba3 Re8 12. Bxc5 Nbd5 13. Nxd5 Nxd5 14. d4 e4 15. a4 Bg4 16. Qd2 Qd7 17. Rfc1 Bf3 18. Rc2 Bf8 19. Bxf8 Kxf8 20. Rac1 Rec8 21. h4 Qg4 22. Bxf3 exf3 23. Qe1 Qh3 24. Qf1 Qxf1+ 25. Kxf1 fxe2+ 26. Kxe2 Nb6 27. Ra2 Ke7 28. Rc5 f5 29. h5 Kd6 30. Kf3 Re8 31. g4 Rf8 32. hxg6 hxg6 33. Kf4 fxg4+ 34. Kxg4 Rae8 35. Kg5 Re6 36. Kh6 Ref6 37. f4 Re6 38. Re5 Rxe5 39. dxe5+ Ke6 40. Kxg6 Rg8+ 41. Kh5 Kf5 42. Kh4 Ke4 43. Ra3 Nd5 44. Kh3 Nxe3 45. e6 Kxf4 46. Kh2 Re8 47. Rd3 Rxe6 48. Rd7 b6 49. Rxc7 Nd5 50. Rf7+ Ke4 51. Kg3 Rf6 52. Rd7 Nc3 53. Re7+ Kd5 54. Rd7+ Rd6 55. Rh7 Nxa4 56. Rh5+ Kc4 57. Kf3 Nc5 58. Ke3 Kxb5 59. Rh1 Rd3+ 60. Ke2 Kb4 61. Rh4+ Kc3 62. Rh6 b5 63. Rh5 Nb3 64. Rg5 a4 65. Rg1 a3 66. Rb1 a2 67. Rxb3+ Kxb3 68. Kxd3 a1=Q 0-1

[Event "81.Camp. Veneto Quarti di Finale"]
[Site "Verona ITA"]
[Date "2022.05.07"]
[Round "3.15"]
[White "Gregory, Matteo"]
[Black "Passon, Stefano"]
[Result "0-1"]
[WhiteElo "1329"]
[BlackElo "1698"]
[Annotator "Gabriele Ballarin"]
[PlyCount "86"]
[EventDate "2022.05.06"]
[EventType "swiss"]
[EventRounds "5"]
[EventCountry "ITA"]

1. c4 e6 2. Nc3 Nf6 3. Nf3 d5 4. cxd5 exd5 5. d4 c6 6. Bg5 Be7 7. e3 O-O 8. Bd3 Bg4 9. h3 Bh5 10. g4 Bg6 11. Bxg6 hxg6 12. Ne5 Nbd7 13. f4 Nh7 14. Bxe7 Qxe7 15. h4 Nxe5 16. dxe5 f6 17. h5 g5 18. f5 Qxe5 19. Qf3 d4 20. Nd1 Rfe8 21. Kf2 dxe3+ 22. Qxe3 Qd5 23. Qb3 Rad8 24. Qxd5+ Rxd5 25. Rb1 Re4 26. Rg1 Rd2+ 27. Kf3 Rdd4 28. Nc3 Rf4+ 29. Ke3 Rxg4 30. Rxg4 Rxg4 31. Ne4 Nf8 32. Kf3 Rf4+ 33. Ke3 Rxf5 34. Nd6 Re5+ 35. Kf3 b6 36. Nc8 c5 37. Nxa7 Ne6 38. Nc8 Nd4+ 39. Kg2 b5 40. Nd6 Kh7 41. Rc1 Re2+ 42. Kg3 Re5 43. Rd1 Rd5 0-1

[Event "81.Camp. Veneto Quarti di Finale"]
[Site "Verona ITA"]
[Date "2022.05.07"]
[Round "3.16"]
[White "Pigaiani, Francesco"]
[Black "Gennari, Andrea"]
[Result "0-1"]
[WhiteElo "1330"]
[BlackElo "1749"]
[Annotator "Gabriele Ballarin"]
[PlyCount "64"]
[EventDate "2022.05.06"]
[EventType "swiss"]
[EventRounds "5"]
[EventCountry "ITA"]

1. e4 e6 2. Nf3 d5 3. exd5 exd5 4. h3 Nf6 5. d4 Bd6 6. c4 O-O 7. c5 Re8+ 8. Be3 Bf4 9. Qb3 Qe7 10. Ne5 Bxe5 11. dxe5 Qxe5 12. Nd2 d4 13. Nf3 Qxc5 14. Nxd4 Qxd4 15. Be2 Qd5 16. Qc2 Nc6 17. O-O Nd4 18. Bxd4 Qxd4 19. Rad1 Qe5 20. Bf3 Bf5 21. Qd2 c6 22. Qb4 Qc7 23. Rfe1 Rxe1+ 24. Rxe1 Re8 25. g4 Rxe1+ 26. Qxe1 Be6 27. g5 Nd5 28. Bg4 Qd7 29. Qe5 Bxg4 30. hxg4 Qxg4+ 31. Kf1 Qh3+ 32. Ke2 Qe6 0-1

[Event "81.Camp. Veneto Quarti di Finale"]
[Site "Verona ITA"]
[Date "2022.05.07"]
[Round "3.17"]
[White "Zanotto, Enrico"]
[Black "Fanchin, Matteo"]
[Result "1-0"]
[WhiteElo "1896"]
[BlackElo "1467"]
[Annotator "Gabriele Ballarin"]
[PlyCount "33"]
[EventDate "2022.05.06"]
[EventType "swiss"]
[EventRounds "5"]
[EventCountry "ITA"]

1. e4 c5 2. Nf3 Nc6 3. Bb5 Nf6 4. Nc3 g6 5. e5 Ng4 6. Qe2 Bg7 7. Bxc6 dxc6 8. d3 Nh6 9. Bf4 Nf5 10. Ne4 O-O 11. c3 b6 12. Qd2 Ba6 13. Rd1 c4 14. g4 cxd3 15. gxf5 Qd5 16. Qe3 gxf5 17. Ng3 1-0

[Event "81.Camp. Veneto Quarti di Finale"]
[Site "Verona ITA"]
[Date "2022.05.07"]
[Round "3.18"]
[White "Prealta, Fiorenzo"]
[Black "Pigato, Alex"]
[Result "0-1"]
[WhiteElo "1092"]
[BlackElo "1787"]
[Annotator "Gabriele Ballarin"]
[PlyCount "66"]
[EventDate "2022.05.06"]
[EventType "swiss"]
[EventRounds "5"]
[EventCountry "ITA"]

1. e4 d6 2. Bc4 Nf6 3. d3 c6 4. Nf3 Bg4 5. Bg5 Nbd7 6. Nc3 e6 7. h3 Bxf3 8. Qxf3 Ne5 9. Qe2 Nxc4 10. dxc4 Be7 11. Rd1 Qa5 12. Bd2 Qc7 13. O-O O-O 14. f4 e5 15. f5 Rad8 16. Be1 h6 17. Bg3 Qb6+ 18. Kh1 Qxb2 19. Qd2 Qb6 20. Bf2 Qc7 21. Rb1 b6 22. Qe2 Rd7 23. Rfd1 Rfd8 24. Kg1 d5 25. cxd5 cxd5 26. exd5 Qxc3 27. Rd3 Qc7 28. Be1 Rxd5 29. Rc3 Qd7 30. Qf3 Bc5+ 31. Kh1 Rd1 32. Rd3 Rxd3 33. cxd3 Qxd3 0-1

[Event "81.Camp. Veneto Quarti di Finale"]
[Site "Verona ITA"]
[Date "2022.05.07"]
[Round "3.19"]
[White "Calore, Elias"]
[Black "Peretti, Eva"]
[Result "1-0"]
[WhiteElo "1443"]
[BlackElo "1214"]
[Annotator "Gabriele Ballarin"]
[PlyCount "53"]
[EventDate "2022.05.06"]
[EventType "swiss"]
[EventRounds "5"]
[EventCountry "ITA"]

1. d4 d5 2. c4 c6 3. Nc3 Nf6 4. Nf3 e6 5. Bg5 Be7 6. e3 O-O 7. Bd3 Nbd7 8. cxd5 cxd5 9. O-O Nb6 10. Rc1 Bd7 11. Qe2 Ne8 12. Bxe7 Qxe7 13. Rc2 Nd6 14. b3 Rac8 15. Rfc1 f6 16. Nd2 e5 17. dxe5 fxe5 18. f3 Qg5 19. Nf1 d4 20. exd4 exd4 21. Ne4 Nxe4 22. Bxe4 Bf5 23. Rxc8 Nxc8 24. Qc4+ Kh8 25. Bxf5 Nd6 26. Qc5 Qxf5 27. Qxd6 1-0